Centroamérica: los riesgos de una guerra
Spremljeno u:
| Format: | Tekst |
|---|---|
| Teme: | |
| Oznake: |
Dodaj oznaku
Bez oznaka, Budi prvi tko označuje ovaj zapis!
|
MARC
| LEADER | 00000 a a2200000 04500 | ||
|---|---|---|---|
| 001 | 18042 | ||
| 003 | |||
| 040 | |||
| 245 | |a Centroamérica: |b los riesgos de una guerra | ||
| 650 | |a GUERRA | ||
| 650 | |a POLITICA | ||
| 650 | |a IGLESIA CATOLICA | ||
| 650 | |a DEMOCRACIA | ||
| 650 | |a AMERICA CENTRAL | ||
| 773 | |g volumen 5, número 16; páginas 181 | ||
| 999 | |c 26274 |d 26274 | ||
| 773 | 0 | |0 42391 |9 3898 |a Agencia Latinoamericana de Información, ALAI |d Quito, Ecuador: ALAI |o 04445 |t ALAI: |x 08275564 (Servicio mensual de información y documentación) | |
